Development of Microbial Ecological Theory: Stability, Plasticity, and Evolution of Microbial Ecosystems (Record no. 16766)
[ view plain ]
| 000 -LEADER | |
|---|---|
| fixed length control field | 00729nam a2200133Ia 4500 |
| 008 - FIXED-LENGTH DATA ELEMENTS--GENERAL INFORMATION | |
| fixed length control field | 220615s9999||||xx |||||||||||||| ||und|| |
| 022 ## - INTERNATIONAL STANDARD SERIAL NUMBER | |
| International Standard Serial Number | 16648714 |
| 100 ## - MAIN ENTRY--PERSONAL NAME | |
| Personal name | Shin Haruta||Hiroyuki Futamata||Yasuhisa Saito |
| 245 #0 - TITLE STATEMENT | |
| Title | Development of Microbial Ecological Theory: Stability, Plasticity, and Evolution of Microbial Ecosystems |
| 546 ## - LANGUAGE NOTE | |
| Language note | English[eng] |
| 650 ## - SUBJECT ADDED ENTRY--TOPICAL TERM | |
| Topical term or geographic name entry element | ecological theory||self-organization||complex systems||simulation||mathematical modeling||interspecies interaction||Microbial ecosystems||evolution||resilience||Dynamic equilibrium |
| 856 ## - ELECTRONIC LOCATION AND ACCESS | |
| Uniform Resource Identifier | <a href="http://journal.frontiersin.org/researchtopic/2075/development-of-microbial-ecological-theory-stability-plasticity-and-evolution-of-microbial-ecosystem">http://journal.frontiersin.org/researchtopic/2075/development-of-microbial-ecological-theory-stability-plasticity-and-evolution-of-microbial-ecosystem</a> |
| 942 ## - ADDED ENTRY ELEMENTS (KOHA) | |
| Koha item type | E-Books |
| Withdrawn status | Lost status | Damaged status | Not for loan | Home library | Current library | Date acquired | Total Checkouts | Date last seen | Price effective from | Koha item type |
|---|---|---|---|---|---|---|---|---|---|---|
| Kerala University of Digital Sciences, Innovation and Technology Knowledge Centre | Kerala University of Digital Sciences, Innovation and Technology Knowledge Centre | 15/06/2022 | 15/06/2022 | 15/06/2022 | E-Books |